| 000 | 00551nam a22001817a 4500 | ||
|---|---|---|---|
| 003 | OSt | ||
| 005 | 20140310182436.0 | ||
| 008 | 130220t xxu||||| |||| 00| 0 eng d | ||
| 020 | _a9780853698807 | ||
| 050 |
_aRS 91 _b.R432 2011 |
||
| 245 |
_aResearch methods for pharmaceutical practice and policy / _cedited by, Rajender R. Aparasu |
||
| 260 |
_aLondon : _bPharmaceutical Press, _cc2011. |
||
| 300 |
_axxii, 310 p. _c23 cm. _b(some col.) ; |
||
| 541 | _j1 | ||
| 562 | _e1 | ||
| 650 |
_aPharmaceutical practices _98486 |
||
| 942 |
_2lcc _cSSLC |
||
| 999 |
_c13446 _d13446 |
||